[Event "IBCA World-chT blind 9th"]
[Site "Ohrid"]
[Date "2022.07.07"]
[Round "9.7"]
[White "Capanov, Mile"]
[Black "Znuderl, Matej"]
[Result "1/2-1/2"]
[WhiteElo "1951"]
[BlackElo "1879"]
[PlyCount "94"]
[EventDate "2022.06.28"]
[EventType "team-swiss"]
[EventRounds "9"]
[EventCountry "MKD"]
[SourceTitle "EXT 2024"]
[Source "ChessBase"]
[SourceDate "2023.10.10"]
[SourceVersion "1"]
[SourceVersionDate "2023.10.10"]
[SourceQuality "1"]
[WhiteTeam "Macedonia"]
[BlackTeam "Slovenia"]
[WhiteTeamCountry "MKD"]
[BlackTeamCountry "SLO"]

1. e4 c5 2. c3 Nf6 3. e5 Nd5 4. d4 d6 5. Bc4 Nb6 6. Bb3 Nc6 7. Nf3 dxe5 8. Nxe5 Nxe5 9. dxe5 Qxd1+ 10. Bxd1 e6 11. Na3 a6 12. 0-0 Be7 13. f4 0-0 14. Bf3 Rb8 15. Be3 Nd5 16. Bxd5 exd5 17. Rad1 d4 18. cxd4 cxd4 19. Bxd4 Bg4 20. Rc1 b5 21. Bc5 Bxc5+ 22. Rxc5 Rfd8 23. h3 Bf5 24. Nc2 Rd2 25. Ne3 Be4 26. Rf2 Rxf2 27. Kxf2 Kf8 28. Rc7 Ke8 29. f5 Rd8 30. Ke2 a5 31. g4 a4 32. e6 fxe6 33. fxe6 Rd6 34. Nf5 Bxf5 35. gxf5 g6 36. Rxh7 gxf5 37. Rb7 Rxe6+ 38. Kf3 Re5 39. h4 Kf8 40. h5 Kg8 41. h6 Rd5 42. a3 Rd3+ 43. Kf4 Rb3 44. Rg7+ Kh8 45. Rg2 b4 46. axb4 Rxb4+ 47. Kxf5 Rb3 1/2-1/2

[Event "IBCA World-chT blind 9th"]
[Site "Ohrid"]
[Date "2022.07.01"]
[Round "4.2"]
[White "Capanov, Mile"]
[Black "Radovilsky, Yan"]
[Result "1/2-1/2"]
[WhiteElo "1951"]
[BlackElo "2094"]
[PlyCount "82"]
[EventDate "2022.06.28"]
[EventType "team-swiss"]
[EventRounds "9"]
[EventCountry "MKD"]
[SourceTitle "EXT 2024"]
[Source "ChessBase"]
[SourceDate "2023.10.10"]
[SourceVersion "1"]
[SourceVersionDate "2023.10.10"]
[SourceQuality "1"]
[WhiteTeam "Macedonia"]
[BlackTeam "Israel"]
[WhiteTeamCountry "MKD"]
[BlackTeamCountry "ISR"]

1. e4 c5 2. Nf3 e6 3. g3 Nc6 4. Bg2 Nge7 5. 0-0 g6 6. Re1 Bg7 7. c3 d5 8. exd5 Nxd5 9. d4 cxd4 10. Nxd4 Nxd4 11. cxd4 0-0 12. h4 Qb6 13. Re4 f5 14. Re5 Bxe5 15. dxe5 f4 16. gxf4 Nxf4 17. Bxf4 Rxf4 18. Qd2 Qd4 19. Qxd4 Rxd4 20. Nc3 Bd7 21. Ne4 Bc6 22. Nf6+ Kg7 23. Rc1 Rc8 24. h5 gxh5 25. Nxh5+ Kf7 26. Nf6 Rd2 27. Rc3 Rd1+ 28. Kh2 h5 29. Bf3 Bxf3 30. Rxf3 Kg6 31. Ne4 Rc2 32. Rf6+ Kg7 33. Ng5 h4 34. Nxe6+ Kg8 35. Rf8+ Kh7 36. Rf7+ Kg6 37. Rf6+ Kh5 38. Rf5+ Kg4 39. Rf4+ Kh5 40. Rf5+ Kg4 41. Rf4+ Kh5 1/2-1/2

[Event "FRM-ch"]
[Site "Ohrid"]
[Date "2017.08.19"]
[Round "7"]
[White "Krstevski, Vladimir"]
[Black "Capanov, Mile"]
[Result "0-1"]
[WhiteElo "1453"]
[BlackElo "1924"]
[PlyCount "126"]
[EventDate "2017.08.13"]
[EventType "swiss"]
[EventRounds "9"]
[EventCountry "MKD"]
[SourceTitle "CBM 180 Extra"]
[Source "ChessBase"]
[SourceDate "2017.10.06"]
[SourceVersion "1"]
[SourceVersionDate "2017.10.06"]
[SourceQuality "1"]

1. d4 d5 2. c4 e6 3. e3 Nf6 4. Nc3 Be7 5. Nf3 0-0 6. Bd3 a6 7. 0-0 dxc4 8. Bxc4 b5 9. Bd3 Bb7 10. Ne5 c5 11. dxc5 Bxc5 12. Be2 Qc7 13. Bf3 Rd8 14. Qc2 Bxf3 15. Nxf3 Bd6 16. a3 Nbd7 17. Qe2 Ne5 18. h3 Nc4 19. Nd2 Nxa3 20. e4 Nc2 21. Ra2 Be5 22. Nf3 Nb4 23. Ra3 Bf4 24. e5 Nfd5 25. Nxd5 Nxd5 26. Bxf4 Nxf4 27. Qe4 Qc4 28. Qxc4 bxc4 29. Rfa1 h6 30. Rxa6 Rxa6 31. Rxa6 Rd1+ 32. Kh2 Nd3 33. Ra2 Rb1 34. Nd2 Rxb2 35. Ra8+ Kh7 36. Nxc4 Rxf2 37. Ra3 Ne1 38. Rg3 Re2 39. Nd6 Kg8 40. Nc4 Re4 41. Re3 Rxc4 42. Rxe1 Kh7 43. Re3 h5 44. Kg3 h4+ 45. Kf3 Kg6 46. g3 hxg3 47. Kxg3 Kg5 48. Rf3 f5 49. exf6 gxf6 50. Rb3 e5 51. Ra3 f5 52. Rb3 f4+ 53. Kf3 e4+ 54. Ke2 Kh4 55. Rb8 Rc2+ 56. Kf1 Kg3 57. h4 Rh2 58. Re8 e3 59. h5 Rxh5 60. Ke2 Rh2+ 61. Kd3 Kf3 62. Re6 Rd2+ 63. Kc3 Rd8 0-1

[Event "FRM-ch"]
[Site "Ohrid"]
[Date "2017.08.17"]
[Round "5"]
[White "Veleski, Robert"]
[Black "Capanov, Mile"]
[Result "1-0"]
[WhiteElo "2210"]
[BlackElo "1924"]
[PlyCount "97"]
[EventDate "2017.08.13"]
[EventType "swiss"]
[EventRounds "9"]
[EventCountry "MKD"]
[SourceTitle "CBM 180 Extra"]
[Source "ChessBase"]
[SourceDate "2017.10.06"]
[SourceVersion "1"]
[SourceVersionDate "2017.10.06"]
[SourceQuality "1"]

1. d4 d5 2. Bf4 Nf6 3. e3 Bf5 4. c4 c6 5. Nc3 e6 6. Qb3 Qb6 7. c5 Qxb3 8. axb3 Nbd7 9. b4 Be7 10. b5 0-0 11. bxc6 bxc6 12. Ba6 e5 13. Bg3 Nh5 14. Bb7 Nxg3 15. hxg3 Rab8 16. Bxc6 exd4 17. exd4 Rxb2 18. Nf3 Nf6 19. 0-0 Rc8 20. Ne5 Rc2 21. Nxd5 Nxd5 22. Bxd5 Kf8 23. Rxa7 Rd8 24. Ra8 Rxa8 25. Bxa8 f6 26. Nc6 Be4 27. Nb4 Rc4 28. Bxe4 Rxb4 29. Rc1 Rxd4 30. Bxh7 Bd8 31. Bg6 Ke7 32. Re1+ Kd7 33. Be8+ Kc7 34. c6 Rd2 35. Bd7 Kb6 36. g4 g5 37. Rb1+ Kc7 38. g3 Rd4 39. Kg2 Kd6 40. Re1 Rd2 41. Re8 Kc7 42. Kf3 Rb2 43. Ke3 Rb4 44. Re6 Rb1 45. Ke4 Rb5 46. Kd4 Ra5 47. Re2 Kd6 48. Kc4 Ra4+ 49. Kb5 1-0

[Event "IBCA-ol blind 15th"]
[Site "Ohrid"]
[Date "2017.06.28"]
[Round "9.2"]
[White "Rev, Miklos"]
[Black "Capanov, Mile"]
[Result "0-1"]
[WhiteElo "2057"]
[BlackElo "1993"]
[PlyCount "65"]
[EventDate "2017.06.19"]
[EventType "team-swiss"]
[EventRounds "9"]
[EventCountry "MKD"]
[SourceTitle "CBM 179 Extra"]
[Source "ChessBase"]
[SourceDate "2017.08.23"]
[SourceVersion "1"]
[SourceVersionDate "2017.08.23"]
[SourceQuality "1"]
[WhiteTeam "Hungary"]
[BlackTeam "Macedonia"]
[WhiteTeamCountry "HUN"]
[BlackTeamCountry "MKD"]

1. e4 c5 2. c3 d5 3. exd5 Qxd5 4. d4 e6 5. Nf3 Nf6 6. Na3 Nc6 7. Be2 Be7 8. 0-0 0-0 9. Nc2 b6 10. dxc5 bxc5 11. c4 Qd6 12. Qxd6 Bxd6 13. Rd1 Rd8 14. h3 Bb7 15. b3 e5 16. Bb2 Nd4 17. Nfxd4 cxd4 18. f4 Bc5 19. Kf1 Be4 20. Ne1 exf4 21. Bd3 Bxd3+ 22. Rxd3 Rd6 23. Rad1 Rad8 24. a3 a5 25. b4 axb4 26. axb4 Bxb4 27. Rxd4 Ne4 28. Rxd6 Rxd6 29. Rxd6 Bxd6 30. Bd4 f6 31. Ke2 g6 32. Kf3 Ng5+ 33. Ke2 0-1

[Event "IBCA-ol blind 15th"]
[Site "Ohrid"]
[Date "2017.06.23"]
[Round "5.2"]
[White "Ivanovic, Milan"]
[Black "Capanov, Mile"]
[Result "1-0"]
[WhiteElo "1986"]
[BlackElo "1993"]
[PlyCount "67"]
[EventDate "2017.06.19"]
[EventType "team-swiss"]
[EventRounds "9"]
[EventCountry "MKD"]
[SourceTitle "CBM 179 Extra"]
[Source "ChessBase"]
[SourceDate "2017.08.23"]
[SourceVersion "1"]
[SourceVersionDate "2017.08.23"]
[SourceQuality "1"]
[WhiteTeam "Montenegro"]
[BlackTeam "Macedonia"]
[WhiteTeamCountry "MNE"]
[BlackTeamCountry "MKD"]

1. d4 d5 2. c4 e6 3. Nf3 Nf6 4. Nc3 Be7 5. Bg5 0-0 6. e3 Nbd7 7. Bd3 c5 8. 0-0 b6 9. Rc1 Bb7 10. cxd5 exd5 11. b3 Re8 12. Qc2 Ne4 13. Bf4 Nxc3 14. Qxc3 Rc8 15. Qb2 a6 16. Bf5 Bf6 17. Rfd1 Qe7 18. Qa3 cxd4 19. Bd6 Qd8 20. exd4 g6 21. Bh3 Be7 22. Bxe7 Qxe7 23. Qxe7 Rxe7 24. Rxc8+ Bxc8 25. Rc1 Re8 26. Rc7 f5 27. g4 Nf8 28. Rc6 b5 29. Ne5 Kg7 30. Rc7+ Kh6 31. f4 Ne6 32. Rc6 Kg7 33. gxf5 Nxd4 34. Rc7+ 1-0

[Event "FRM-chT 2nd League"]
[Site "Skopje"]
[Date "2011.05.08"]
[Round "5"]
[White "Glavinac, Goran"]
[Black "Capanov, Mile"]
[Result "0-1"]
[WhiteElo "2184"]
[BlackElo "2086"]
[PlyCount "80"]
[EventDate "2011.04.10"]
[EventType "team-tourn"]
[EventRounds "7"]
[EventCountry "MKD"]
[SourceTitle "EXT 2019"]
[Source "ChessBase"]
[SourceDate "2018.10.10"]
[SourceVersion "1"]
[SourceVersionDate "2018.10.10"]
[SourceQuality "1"]

1. d4 Nf6 2. c4 g6 3. Nc3 Bg7 4. Bf4 d6 5. Nf3 0-0 6. e3 Nbd7 7. h3 c5 8. d5 Nh5 9. Bh2 Qa5 10. Qd2 Bxc3 11. bxc3 Nb6 12. Bd3 e5 13. e4 f5 14. Ng5 f4 15. 0-0 Na4 16. Rac1 h6 17. Nf3 Qd8 18. Rfe1 Qf6 19. Kh1 g5 20. Qd1 Nb2 21. Qe2 Nxd3 22. Qxd3 g4 23. hxg4 Bxg4 24. Rb1 Rf7 25. Rb3 Re8 26. Ra3 a6 27. Rb3 Rg7 28. Reb1 Bc8 29. Rb6 Kh8 30. Ne1 Reg8 31. Qe2 Bg4 32. Qf1 f3 33. g3 Bc8 34. R1b2 Rg4 35. Rxb7 Bxb7 36. Rxb7 Rxe4 37. Nc2 Re2 38. Ne3 Rxe3 39. Qb1 e4 40. fxe3 f2 0-1

[Event "IBCA Wch blind 12th"]
[Site "Belgrade"]
[Date "2010.09.03"]
[Round "8.21"]
[White "Capanov, Mile"]
[Black "Escudeiro Tilve, Ramon"]
[Result "1-0"]
[WhiteElo "2107"]
[BlackElo "1919"]
[PlyCount "65"]
[EventDate "2010.08.26"]
[EventType "swiss"]
[EventRounds "9"]
[EventCountry "SRB"]
[SourceTitle "EXT 2011"]
[Source "ChessBase"]
[SourceDate "2010.11.26"]
[SourceVersion "1"]
[SourceVersionDate "2010.11.26"]
[SourceQuality "1"]

1. e4 d6 2. d4 Nf6 3. Bd3 e5 4. c3 c6 5. f4 Na6 6. Nf3 exd4 7. cxd4 Nb4 8. Nc3 Nxd3+ 9. Qxd3 Be7 10. 0-0 0-0 11. Be3 d5 12. e5 Ng4 13. Rae1 Qb6 14. Bc1 Nh6 15. h3 Nf5 16. Kh2 h5 17. g3 g6 18. Rg1 Kg7 19. g4 hxg4 20. hxg4 Rh8+ 21. Kg2 Nh4+ 22. Nxh4 Bxh4 23. Re3 Be7 24. f5 Bg5 25. Rh3 Bxf5 26. gxf5 Rxh3 27. f6+ Kg8 28. Qxh3 Bxc1 29. Rh1 Qxb2+ 30. Kf1 Bh6 31. Qxh6 Qa1+ 32. Kf2 Qb2+ 33. Ne2 1-0

[Event "IBCA Wch blind 12th"]
[Site "Belgrade"]
[Date "2010.08.28"]
[Round "3.6"]
[White "Wassin, Sergej"]
[Black "Capanov, Mile"]
[Result "1-0"]
[WhiteElo "2295"]
[BlackElo "2107"]
[PlyCount "111"]
[EventDate "2010.08.26"]
[EventType "swiss"]
[EventRounds "9"]
[EventCountry "SRB"]
[SourceTitle "EXT 2011"]
[Source "ChessBase"]
[SourceDate "2010.11.26"]
[SourceVersion "1"]
[SourceVersionDate "2010.11.26"]
[SourceQuality "1"]

1. d4 d5 2. c4 c6 3. Nf3 Nf6 4. Nc3 e6 5. e3 Be7 6. Bd3 0-0 7. 0-0 c5 8. b3 Nc6 9. Bb2 b6 10. Qe2 cxd4 11. exd4 Bb7 12. Rad1 Rc8 13. Rfe1 Bb4 14. a3 Bxc3 15. Bxc3 Re8 16. Bb1 Qd6 17. Bb2 Na5 18. c5 Qf4 19. b4 Nc4 20. Bc1 Qg4 21. h3 Qh5 22. Qf1 Ne4 23. g4 Qg6 24. Rxe4 dxe4 25. Qxc4 h5 26. Nh4 Qf6 27. g5 Qd8 28. Ng2 a5 29. Re1 axb4 30. axb4 bxc5 31. dxc5 Ra8 32. Bxe4 Bd5 33. Qc3 Bxe4 34. Rxe4 Qd5 35. Re5 Qd1+ 36. Re1 Qd5 37. h4 e5 38. Bb2 f6 39. Re3 Red8 40. gxf6 gxf6 41. Rg3+ Kf7 42. Ne3 Qe6 43. Qc2 e4 44. Nc4 Rac8 45. Qe2 Kf8 46. Nd6 Rxd6 47. cxd6 Qf5 48. d7 Rd8 49. Qc4 Rxd7 50. Qg8+ Ke7 51. Rg7+ Kd6 52. Qf8+ Kc7 53. Qc5+ Qxc5 54. Rxd7+ Kxd7 55. bxc5 Kc6 56. Bxf6 1-0